MARC

LEADER 00000nam0a2200000 4500
001 358793
005 20231102011129.0
035 |a (RuTPU)RU\TPU\retro\16065 
090 |a 358793 
100 |a 20200826d1977 k y0rusy50 ca 
101 0 |a rus 
102 |a BY 
105 |a a z 101zy 
200 1 |a Материалы Всесоюзной научно-технической конференции по интенсификации процессов сушки и использованию новой техники, Калинин, 1977 г.  |f Академия наук Белорусской ССР, Институт тепло- и массообмена им. А. В. Лыкова ; Академия наук Украинской ССР, Институт технической теплофизики  |h Секция 1  |i Теория сушки 
210 |a Минск  |c [Б. и.]  |d 1977 
215 |a 174 с.  |c ил. 
320 |a Библиография в конце докладов 
606 1 |a Сушка  |x Расчет  |2 stltpush  |3 (RuTPU)RU\TPU\subj\31503  |9 54339 
610 1 |a теория 
610 1 |a кинетика 
610 1 |a динамика 
610 1 |a тепломассоперенос 
610 1 |a капиллярнопористые тела 
610 1 |a влажные материалы 
610 1 |a теплофизические свойства 
610 1 |a массопереносные свойства 
610 1 |a конференции 
675 |a 66.047(063)  |v 4 
712 0 2 |a Академия наук Белорусской ССР  |b Институт тепло- и массообмена им. А. В. Лыкова  |c (Минск)  |2 stltpush  |3 (RuTPU)RU\TPU\col\11896  |9 25285 
712 0 2 |a Академия наук Украинской ССР  |b Институт технической теплофизики  |c (Киев)  |2 stltpush  |3 (RuTPU)RU\TPU\col\1122  |9 23520 
712 1 2 |a Интенсификация процессов сушки и использованию новой техники  |c конференция  |e Калинин  |f 1977 
801 1 |a RU  |b 63413507  |c 20200826 
801 2 |a RU  |b 63413507  |c 20210210  |g RCR 
942 |c BK